000 00521nam a2200181Ia 4500
005 20260429112240.0
008 260429s9999||||xx |||||||||||||| ||und||
020 _a8186311300
041 _aHindi
082 _a891.433
_bSAB
100 _aशबनम, माया
245 0 _aकेकयनंदिनी /
_cमाया शबनम
250 _a0
260 _aदिल्ली :
_bप्रकाशन संस्थान,
_c2011.
300 _a359 p.; Hb
650 _aHindi fiction
942 _cTB
999 _c53111
_d53111